MARC

LEADER 00000nam0a2200000 4500
001 231020
005 20231101231039.0
035 |a (RuTPU)RU\TPU\book\252035 
090 |a 231020 
100 |a 20130129d1960 km y0rusy50 ca 
101 0 |a rus 
102 |a RU 
105 |a a z 001zy 
200 1 |a Материалы по геологии рудных месторождений Западного Забайкалья  |f Восточно-Сибирский геологический институт ; под ред. А. Ф. Коржинского 
210 |a Иркутск  |c Иркутское книжное изд-во  |d 1960 
215 |a 178 с.  |c ил. 
225 1 |a Труды Восточно-Сибирского геологического института  |v Вып. 1 
317 |5 63413507: КР-604  |a Поступила в НТБ в 2004 г. в составе книжного собрания профессора ТПИ К. В. Радугина. 
320 |a Библиогр. в конце ст. 
606 |a Рудные (металлоносные) месторождения  |2 stltpush  |3 (RuTPU)RU\TPU\subj\26025  |9 50044 
610 1 |a геология 
610 1 |a Забайкалье 
610 1 |a металлогения 
610 1 |a оруденение 
610 1 |a молибденовые месторождения 
610 1 |a вещественный состав 
610 1 |a скарны 
610 1 |a библиотека К. В. Радугина 
675 |a 553.3/.4  |v 3 
702 1 |a Коржинский  |b А. Ф.  |4 340 
712 0 2 |a Академия наук СССР (АН СССР)  |b Сибирское отделение (СО)  |b Восточно-Сибирский геологический институт  |c (Иркутск)  |c (1957-1962)  |2 stltpush  |3 (RuTPU)RU\TPU\col\18511 
801 1 |a RU  |b 63413507  |c 20130129 
801 2 |a RU  |b 63413507  |c 20130621  |g RCR 
942 |c BK